Écoutez-vous vraiment les paroles des chansons ? #1 - Statistiques

Statistiques générales
  • Ce quiz a été pris 10 486 fois
  • Le résultat moyen est 11 sur 20
Statistiques - réponses
Indice Réponse Chanson - Interprète(s) % Correct
Dans la jungle, terrible jungle, qui est mort ce soir ? Le lion Le lion est mort ce soir - Henri Salvador; Pow Wow
100%
Qui est-ce qui chantent, serrées au fond de cette boîte ? Les sardines Les Sardines - Patrick Sébastien
81%
Comment s'appelle le héros égaré dans la vallée infernale ? Bob Morane L'Aventurier - Indochine
74%
C'est une maison de quelle couleur, qui est adossée à la colline ? Bleue San Francisco - Maxime Le Forestier
72%
Où est-ce que j'passerai pas, parce que mes mots sont pas très beaux ? À la radio Balance ton quoi - Angèle
66%
Elle ma dit d'aller faire quoi, là haut, sur la colline ? Siffler Siffler sur la colline - Joe Dassin
63%
Ils dansent quoi, Roger et Joséphine, sous les éclairs des stroboscopes ? Le Jerk Le Jerk - Thierry Hazard
59%
Quel dessert sert l'abominable homme des neiges ? Le banana split Le Banana Split - Lio
53%
Dieu m'a donné quoi, qui brûle au fond de moi ? La foi Dieu m'a donné la foi - Ophélie Winter
51%
Qu'est-ce que Montmartre, en ce temps-là, accrochait jusque sous nos fenêtres ? Ses lilas La bohème - Aznavour
51%
Elle met quoi sur son balcon, pour attirer les moineaux, les pigeons ? Du vieux pain La vie par procuration - Jean-Jacques Goldman
50%
Comment se prénomme cette métisse d'Ibiza qui vit toujours dévêtue ? Mélissa Mélissa - Julien Clerc
49%
Il est quelle heure, quand Paris s'éveille (moi, je n'ai pas sommeil) ? Cinq heures Il est cinq heures, Paris s'éveille - Jacques Dutronc
47%
Je boirai quel fleuve, si tu me reviens pas ? (tout) le Nil Alexandrie Alexandra - Claude François
47%
En quoi je me changerai, pour que tu m'aimes encore ? En or Pour que tu m'aimes encore - Céline Dion
45%
J'aurais voulu être un artiste. Mais pour pouvoir faire quoi ? Mon numéro Le Blues du businessman - Claude Dubois
44%
Il prend quoi le petit portoricain bien intégré, avec son job et son café ? Un rail de coke Manhattan-Kaboul - Renaud et Axelle Red
43%
Où est-ce qu'elle préfère l'amour (c'est juste une question de tempo) ? En mer Elle préfère l'amour en mer - Philippe Lavil
26%
Quelle est la rue où j'habite seul avec maman, dans un très vieil appartement ? Rue Sarasate Comme ils disent - Charles Aznavour
24%
Et ça sent quoi, jusque dans le cœur des frites ? La morue Amsterdam - Jacques Brel
20%
Aucun quiz correspondant
Distribution des résultats
% des personnes avec chaque résultat
Percentile par nombre de réponses
Votre historique - résultats
Vous n’avez pas pris ce quiz